Taxation and social security in agriculture

Salvato in:
Dettagli Bibliografici
Natura: Libro
Lingua:inglese
Pubblicazione: Paris OECD 2005
Soggetti:
Tags: Aggiungi Tag
Nessun Tag, puoi essere il primo ad aggiungerne!!

MARC

LEADER 00000nam$a2200000$$$4500
001 0040369
005 20221129083013.7
020 |a 92-64-01364-4 
041 0 |a eng 
044 |a FR 
245 1 0 |a Taxation and social security in agriculture 
264 1 |a Paris  |b OECD  |c 2005 
300 |a 126 s. 
610 2 0 |a zaťaženie daňové 
610 2 0 |a dane 
610 2 0 |a dane poľnohospodárske 
610 2 0 |a zabezpečenie sociálne 
610 2 0 |a poľnohospodárstvo 
610 2 0 |a porovnanie medzinárodné